书目信息 |
| 题名: |
材料力学
|
|
| 作者: | 张功学 主编 | |
| 分册: | ||
| 出版信息: | 北京 国防工业出版社 2015.03 |
|
| 页数: | X, 350页 | |
| 开本: | 26cm | |
| 丛书名: | ||
| 单 册: | ||
| 中图分类: | TB301 | |
| 科图分类: | ||
| 主题词: | 材料力学--cai liao li xue--高等教育--教材 | |
| 电子资源: | ||
| ISBN: | 978-7-118-09835-8 | |
| 000 | 00952nam0 2200289 450 | |
| 001 | CAL 0120151516542 | |
| 005 | 20150826142416.87 | |
| 010 | @a978-7-118-09835-8@dCNY39.80 | |
| 100 | @a20150309d2015 em y0chiy50 ea | |
| 101 | 0 | @achi |
| 102 | @aCN@b110000 | |
| 105 | @aak a 000yy | |
| 106 | @ar | |
| 200 | 1 | @a材料力学@Acai liao li xue@f张功学主编 |
| 210 | @a北京@c国防工业出版社@d2015.03 | |
| 215 | @aX, 350页@c图@d26cm | |
| 312 | @a英文题名取自封面 | |
| 320 | @a有书目 | |
| 330 | @a本书内容包括: 绪论 ; 轴向拉压与材料的力学性能 ; 扭转 ; 弯曲内力 ; 弯曲应力 ; 弯曲变形 ; 应力状态分析与强度理论 ; 组合变形 ; 压杆稳定 ; 构件的疲劳强度等。 | |
| 333 | @a普通高等教育“十二五”规划教材 | |
| 510 | 1 | @aMaterials mechanics@zeng |
| 586 | @a | |
| 606 | 0 | @a材料力学@Acai liao li xue@x高等教育@j教材 |
| 690 | @aTB301@v5 | |
| 701 | 0 | @a张功学@Azhang gong xue@4主编 |
| 801 | 0 | @aCN@c20150820 |
| 905 | @a河南城建学院图书馆@dTB301@eZ100@f3 | |
| 材料力学/张功学主编.-北京:国防工业出版社,2015.03 |
| X, 350页:图;26cm |
| 使用对象:普通高等教育“十二五”规划教材 |
| ISBN 978-7-118-09835-8:CNY39.80 |
| 本书内容包括: 绪论 ; 轴向拉压与材料的力学性能 ; 扭转 ; 弯曲内力 ; 弯曲应力 ; 弯曲变形 ; 应力状态分析与强度理论 ; 组合变形 ; 压杆稳定 ; 构件的疲劳强度等。 |
| ● |
| 相关链接 |
|
|
|
正题名:材料力学
索取号:TB301/Z100
 
预约/预借
| 序号 | 登录号 | 条形码 | 馆藏地/架位号 | 状态 | 备注 |
| 1 | 1224632 | 212246327 | 自科库501/501自科库 11排3列3层/ [索取号:TB301/Z100] | 在馆 | |
| 2 | 1224633 | 212246336 | 自科库501/501自科库 11排3列3层/ [索取号:TB301/Z100] | 在馆 | |
| 3 | 1224634 | 212246345 | 自科库501/501自科库 11排3列3层/ [索取号:TB301/Z100] | 在馆 |